Cien obras maestras de la pintura / (Record no. 44223)

MARC details
000 -LEADER
campo de control de longitud fija 00554nam a2200169 i 4500
001 - NÚMERO DE CONTROL
campo de control 44223
003 - IDENTIFICADOR DE NÚMERO DE CONTROL
campo de control ES-MaACL
005 - FECHA Y HORA DE LA ÚLTIMA TRANSACCIÓN
campo de control 20230906160959.0
007 - CAMPO FIJO DE DESCRIPCIÓN FÍSICA--INFORMACIÓN GENERAL
campo de control de longitud fija t|
008 - DATOS DE LONGITUD FIJA--INFORMACIÓN GENERAL
campo de control de longitud fija 030320s1966 sp ||||1| spa d
245 00 - MENCIÓN DEL TÍTULO
Título Cien obras maestras de la pintura /
Mención de responsabilidad, etc. con un prefacio de Sir John Rothenstein ; [traducción Alfredo Crespo].
260 ## - PUBLICACIÓN, DISTRIBUCIÓN, ETC.
Lugar de publicación, distribución, etc. [Barcelona] :
Nombre del editor, distribuidor, etc. Círculo de Lectores,
Fecha de publicación, distribución, etc. [1966]
300 ## - DESCRIPCIÓN FÍSICA
Extensión 214 p. :
Otras características físicas 100 lám. ;
Dimensiones 24 cm.
700 1# - ENTRADA AGREGADA--NOMBRE PERSONAL
Nombre de persona Rothenstein, John.
9 (RLIN) 99970
700 1# - ENTRADA AGREGADA--NOMBRE PERSONAL
Nombre de persona Crespo, Alfredo.
9 (RLIN) 41511
852 ## - LOCALIZACIÓN
Ubicación ES-MaACL
Número de control de estantería C-31219
Sublocalización o colección R.61679
Holdings
Estatus retirado Estado de pérdida Estado de daño No para préstamo Biblioteca de origen Biblioteca actual Ubicación en estantería Fecha de adquisición Fuente de adquisición Total de préstamos Signatura topográfica completa Código de barras Visto por última vez Precio de reemplazo Tipo de ítem Koha
        Biblioteca del Ateneo de Madrid Biblioteca del Ateneo de Madrid Depósito 2 17/01/2008     C-31219 1046542 23/02/2023 23/02/2023 Libro impreso